Essentials of Communication (Record no. 3827)

MARC details
000 -LEADER
fixed length control field 00355nam a2200145Ia 4500
008 - FIXED-LENGTH DATA ELEMENTS--GENERAL INFORMATION
fixed length control field 191201s2008 xx 000 0 und d
082 ## - DEWEY DECIMAL CLASSIFICATION NUMBER
Classification number 658.45
Item number GUE
100 ## - MAIN ENTRY--PERSONAL NAME
Personal name GUPTA, Rajhans
245 #0 - TITLE STATEMENT
Title Essentials of Communication
250 ## - EDITION STATEMENT
Edition statement Rev.
260 ## - PUBLICATION, DISTRIBUTION, ETC. (IMPRINT)
Place of publication, distribution, etc Meerut
Name of publisher, distributor, etc Pragati Prakashan Meerut
Date of publication, distribution, etc 2008
300 ## - PHYSICAL DESCRIPTION
Extent misc.
650 ## - SUBJECT ADDED ENTRY--TOPICAL TERM
Topical term or geographic name as entry element Applied
942 ## - ADDED ENTRY ELEMENTS (KOHA)
Source of classification or shelving scheme Dewey Decimal Classification
Koha item type Text Books
Holdings
Withdrawn status Lost status Source of classification or shelving scheme Damaged status Not for loan Collection code Home library Current library Date acquired Source of acquisition Cost, normal purchase price Bill Number Total Checkouts Full call number Acc. no. / Barcode Date last seen Bill Date Koha item type Public note
    Dewey Decimal Classification     GENERAL PIET C-LIBRARY PIET C-LIBRARY 25/02/2009 J B C, New Delhi 135.00 SI-5592   658.45 GUE 11493 04/12/2019 06/02/2009 Text Books Language
    Dewey Decimal Classification     Applied Sc. PIET C-LIBRARY PIET C-LIBRARY 25/02/2009 J B C, New Delhi 135.00 SI-5592   658.45 GUE 11494 04/12/2019 06/02/2009 Text Books  
    Dewey Decimal Classification     Applied Sc. PIET C-LIBRARY PIET C-LIBRARY 25/02/2009 J B C, New Delhi 135.00 SI-5592   658.45 GUE 11495 04/12/2019 06/02/2009 Text Books  

Design & Developed by: PIET Central Library
R70 Miles Stone Pattikalyana Samalkha Panipat 132102
mail ID :- [email protected], Phone No:- 0180-2569700 Ex.216